000 00270nam a2200121Ia 4500
008 190216s9999||||xx |||||||||||||| ||und||
100 _aGopalamenon V
245 0 _aLokacharitram
260 _bMacmillan
_c1976
300 _a300
650 _aIndian History
942 _cBK
999 _c18915
_d18915